Thực trạng và giải pháp phát triển nông nghiệp - thuỷ sản huyện Tam Bình, tỉnh Vĩnh Long đến năm 2020 : Luận văn thạc sĩ Khoa học. Chuyên ngành: Phát triển nông thôn

Nhằm góp phần nâng cao khả năng sản xuất nông nghiệp, thuỷ sản của huyện Tam Bình trong thời gian tới cả về số lượng, chất lượng, nhằm nâng cao thu nhập cho người nông dân.

Saved in:
Bibliographic Details
Main Author: Lê, Hoàng An
Format: Book
Language:Undetermined
Published: Cần Thơ Đại học Cần Thơ 2012
Subjects:
Tags: Add Tag
No Tags, Be the first to tag this record!
Institutions: Trung tâm Học liệu Trường Đại học Cần Thơ
LEADER 01149nam a2200229Ia 4500
001 CTU_181848
008 210402s9999 xx 000 0 und d
082 |a 338.1 
082 |b A105 
088 |a 60620116 
100 |a Lê, Hoàng An 
245 0 |a Thực trạng và giải pháp phát triển nông nghiệp - thuỷ sản huyện Tam Bình, tỉnh Vĩnh Long đến năm 2020 : 
245 0 |b Luận văn thạc sĩ Khoa học. Chuyên ngành: Phát triển nông thôn 
245 0 |c Lê Hoàng An ; Vũ Anh Pháp (người hướng dẫn) 
260 |a Cần Thơ 
260 |b Đại học Cần Thơ 
260 |c 2012 
520 |a Nhằm góp phần nâng cao khả năng sản xuất nông nghiệp, thuỷ sản của huyện Tam Bình trong thời gian tới cả về số lượng, chất lượng, nhằm nâng cao thu nhập cho người nông dân. 
650 |a Nông nghiệp,Agriculture 
650 |x Khía cạnh kinh tế,Economic aspects 
904 |i Huỳnh Nga 
980 |a Trung tâm Học liệu Trường Đại học Cần Thơ